[Event "Stay Safe Play From Home 194"]
[Site "T#646519Emanuel Laske"]
[Date "2020.06.02"]
[Round "4"]
[White "Patzeroglu"]
[Black "AChessPlayer"]
[Result "0-1"]
[WhiteElo "1939"]
[BlackElo "2374"]
[Annotator "TA"]
[PlyCount "84"]
[EventDate "2020.06.02"]
[EventType "swiss (blitz)"]

{[%evp 9,84,44,54,64,50,12,14,24,100,107,106,87,300,293,458,444,767,668,738,750,1070,845,719,670,515,0,704,-167,435,-145,-143,-293,-283,-258,-218,-332,719,262,236,-164,-97,-108,-105,-284,-281,-327,-303,-239,580,580,641,500,768,737,746,663,627,616,603,-1559,507,406,376,0,481,425,596,431,558,-29991,1078,-29992,933,766,1238,1220,1190]} 1. e4 g6 2. d4 Bg7 3. Nc3 c5 4. Be3 cxd4 5. Bxd4 Bxd4 6. Qxd4 {B06: Modern Defence.} Nf6 7. e5 Nc6 8. Qf4 {[#] The position is equal.} Qb6 $146 (8... Nh5 $11 {keeps the balance.} 9. Qe4 d5 10. Qxd5 O-O) ({Predecessor:} 8... Nh5 9. Qe3 Ng7 10. O-O-O O-O 11. h4 h5 12. Bc4 d6 13. Nf3 Bg4 14. exd6 exd6 {½-½ (37) Marceta,P (2258)-Stojanovic,Z (2164) Kragujevac 2018}) 9. O-O-O $16 Nh5 10. Qh6 Qxf2 $2 (10... Nxe5 $16 {is a better defense.} 11. Nd5 Qd8) 11. Nf3 $1 $18 a6 (11... d6 {was necessary.} 12. exd6 Be6 13. dxe7 Kxe7) 12. Bc4 b5 (12... Qc5 $142) 13. Rhf1 Qc5 {[#]} 14. Bxf7+ $1 {[%mdl 512]} Kxf7 15. Ng5+ {[%mdl 64] Discovered Attack (Double check)} Ke8 16. Nxh7 {Rf8+ would kill now.} Kd8 17. Qxg6 $2 ({Only move:} 17. Nd5 $1 $18 {Intending Rf8+ and mate.} e6 18. b4 Qxd5 19. Rxd5 exd5 20. g4) 17... Qxe5 $2 {[%mdl 8192]} (17... Nxe5 $11 18. Qe4 Nc4) 18. Rf5 $4 {[%mdl 8192]} (18. Qxc6 $18 Qe3+ 19. Kb1) 18... Qg7 $4 {[%mdl 8192]} (18... Nf4 $19 19. Qf7 Qe3+ 20. Kb1 b4) 19. Qxh5 $2 (19. Qxc6 $1 $18 Qxh7 20. Rxd7+ $1 {[%mdl 512]} Bxd7 21. Qxa8+ Bc8 22. Rd5+ Ke8 23. Qxc8+ Kf7 24. Qxa6) 19... Rxh7 $17 20. Rf8+ (20. Qf3 $17 Kc7 21. a4) 20... Qxf8 $19 21. Qxh7 Bb7 22. Nd5 (22. Qg6 $142) 22... e6 $4 {[%mdl 8192] [#]} (22... Ne5 $19 23. b3 d6) 23. Nb6 $2 (23. Nf6 $1 {[%csl Gd1,Gf6][%cal Rh7d7][%mdl 512]} Kc8 (23... Qxf6 24. Qxd7#) 24. Rxd7) 23... Kc7 $18 24. Nxd7 $4 {[%mdl 8192]} (24. Nxa8+ $18 {was the only winning move.} Bxa8 25. Qxd7+ {[%mdl 64] Double Attack} Kb6 26. Qxe6) 24... Qf4+ (24... Qe7 $19 25. Qxe7 Nxe7) 25. Kb1 $17 {[#] Threatens to win with Nc5+.} Rd8 $1 26. Nc5+ $2 {[#]} (26. b3 $17) 26... Kb6 $1 $19 {[%cal Rd8d1]} 27. Qxb7+ Kxc5 {[%cal Rd8d1]} 28. Rc1 {[#]} Qxc1+ $4 {[%mdl 8192]} (28... a5 $1 $19 {avoids the disaster. ...Rd2 is the strong threat.} 29. h3 Rd2) 29. Kxc1 {[%mdl 4096] Endgame KQ-KRN} Rd6 30. b4+ Kd5 (30... Nxb4 $142 31. Qa7+ Kc6) 31. Qb6 $18 {Black must now prevent Qc5+.} e5 32. Qc5+ Ke6 {[#]} 33. a4 $1 Nd4 (33... bxa4 34. Qc4+) 34. c4 $4 {[%mdl 8192]} (34. Qc8+ $18 Ke7 35. axb5 Nxb5 36. c4) 34... bxc4 $4 {[%mdl 8192]} (34... Nb3+ $19 {and life is good for Black.} 35. Kc2 Nxc5 36. bxc5 bxa4 37. cxd6 a3) 35. Qc8+ Kf6 36. Kd2 $2 (36. Qf8+ $18 Ke6 37. Qc8+ Kf6 38. b5 axb5 39. axb5) 36... Nf5+ $2 {[%mdl 8192]} (36... c3+ $1 $11 {and Black is okay.} 37. Kd3 c2 38. Qf8+ Ke6 39. Qc8+ Kf6 40. Qf8+ Ke6 41. Qg8+ Kd7 42. Qf7+ Kc8 43. Qf8+ Rd8 44. Qc5+ Kb7 45. Qe7+ Kc8 46. Qc5+ Kb7 47. Qe7+ Kc8 48. Qc5+) 37. Ke2 Rd4 (37... Nd4+ $142 38. Ke3 Nc2+ 39. Kf3 Nxb4) 38. Qf8+ Kg5 39. Qg7+ $4 {[%mdl 8192]} (39. g3 $18) 39... Kf4 $4 {[%mdl 8192]} (39... Nxg7 {and all is fine.} 40. Kf3 c3 41. g3 c2 42. h4+ Kf5 43. g4+ Rxg4 44. Ke2 c1=Q 45. Kf2 Qd2+ {[%mdl 64] Double Attack} 46. Kf1 Rxb4 47. Kg1 Rb1#) 40. Qg5+ $4 {[%mdl 8192]} (40. g3+ $18 Ke4 41. Qg4+ Kd5 42. Qxf5) 40... Ke4 $4 {[%mdl 8192]} (40... Kxg5 41. Kf3 c3 42. h4+ Kxh4 43. g4 Ng3 44. g5 c2 45. g6 Rf4+ 46. Kg2 c1=Q 47. Kh2 Qh1#) 41. h4 Kd5 42. Qxf5 Re4+ {[%mdl 32768] Never resign too early! Accuracy: White = 28%, Black = 19%. . Loss on time!?} 0-1

[Event "Stay Safe Play From Home 194"]
[Site "T#646519Emanuel Laske"]
[Date "2020.06.02"]
[Round "4"]
[White "Lucknow"]
[Black "Klausen"]
[Result "1-0"]
[WhiteElo "1894"]
[BlackElo "1786"]
[Annotator "NA RC"]
[PlyCount "119"]
[EventDate "2020.06.02"]
[EventType "swiss (blitz)"]

1. d4 {[%emt 0:00:01]} e6 {[%emt 0:00:02]} 2. c4 {[%emt 0:00:01]} Nf6 {[%emt 0:00:01]} 3. e3 {[%emt 0:00:00]} d5 {[%emt 0:00:01]} 4. Nf3 {[%emt 0:00:00]} Be7 {[%emt 0:00:01]} 5. Bd3 {[%emt 0:00:00]} O-O {[%emt 0:00:01]} 6. O-O {[%emt 0:00:00]} c5 {[%emt 0:00:01]} 7. Nc3 {[%emt 0:00:01]} Nc6 {[%emt 0:00:01]} 8. Qe2 {[%emt 0:00:01]} dxc4 {[%emt 0:00:02]} 9. Bxc4 {[%emt 0:00:01]} cxd4 {[%emt 0:00:01]} 10. exd4 {[%emt 0:00:00]} Nxd4 {[%emt 0:00:01]} 11. Nxd4 {[%emt 0:00:00]} Qxd4 {[%emt 0:00:01]} 12. Be3 {[%emt 0:00:01]} Qg4 {[%emt 0:00:01]} 13. Rfd1 {[%emt 0:00:00]} Qxe2 {[%emt 0:00:02]} 14. Bxe2 {[%emt 0:00:00]} Bd7 {[%emt 0:00:01]} 15. Bf3 {[%emt 0:00:01]} Bc6 {[%emt 0:00:01]} 16. Bxc6 {[%emt 0:00:01]} bxc6 {[%emt 0:00:01]} 17. Rac1 {[%emt 0:00:00]} Rfd8 {[%emt 0:00:02]} 18. Na4 {[%emt 0:00:02]} c5 {[%emt 0:00:02]} 19. Rxd8+ {[%emt 0:00:03]} Rxd8 {[%emt 0:00:02]} 20. Kf1 {[%emt 0:00:00]} Nd5 {[%emt 0:00:02]} 21. Nxc5 {[%emt 0:00:09]} Rc8 {[%emt 0:00:03]} 22. Nd3 {[%emt 0:00:03]} Nxe3+ {[%emt 0:00:01]} 23. fxe3 {[%emt 0:00:02]} Rd8 {[%emt 0:00:00]} 24. Ke2 {[%emt 0:00:01]} Bf6 {[%emt 0:00:01]} 25. Rc2 {[%emt 0:00:02]} Rb8 {[%emt 0:00:01]} 26. b3 {[%emt 0:00:01]} g6 {[%emt 0:00:01]} 27. Nc5 {[%emt 0:00:01]} Be7 {[%emt 0:00:01]} 28. Nd7 {[%emt 0:00:01]} Rb7 {[%emt 0:00:00]} 29. Ne5 {[%emt 0:00:02]} Bf6 {[%emt 0:00:01]} 30. Nc4 {[%emt 0:00:01]} Kg7 {[%emt 0:00:01]} 31. Rd2 {[%emt 0:00:01]} Rc7 {[%emt 0:00:01]} 32. Rd3 {[%emt 0:00:03]} Be7 {[%emt 0:00:01]} 33. Rd2 {[%emt 0:00:02]} Bc5 {[%emt 0:00:00]} 34. Rc2 {[%emt 0:00:02]} f6 {[%emt 0:00:00]} 35. Na5 {[%emt 0:00:01]} e5 {[%emt 0:00:02]} 36. b4 {[%emt 0:00:01]} Bb6 {[%emt 0:00:01]} 37. Rxc7+ {[%emt 0:00:00]} Bxc7 {[%emt 0:00:01]} 38. Nc4 {[%emt 0:00:00]} a6 {[%emt 0:00:01]} 39. a4 {[%emt 0:00:01]} Kf7 {[%emt 0:00:00]} 40. b5 {[%emt 0:00:00]} Ke6 {[%emt 0:00:00]} 41. bxa6 {[%emt 0:00:01]} Bb8 {[%emt 0:00:00]} 42. Nb6 {[%emt 0:00:01]} Ba7 {[%emt 0:00:01]} 43. Nc4 {[%emt 0:00:00]} Kd5 {[%emt 0:00:02]} 44. Nd2 {[%emt 0:00:00]} Kc6 {[%emt 0:00:01]} 45. Nf3 {[%emt 0:00:00]} Kb6 {[%emt 0:00:00]} 46. Kd3 {[%emt 0:00:00]} Kxa6 {[%emt 0:00:01]} 47. Nd2 {[%emt 0:00:00]} Ka5 {[%emt 0:00:00]} 48. Nc4+ {[%emt 0:00:00]} Kxa4 {[%emt 0:00:00]} 49. Nd6 {[%emt 0:00:00]} Bc5 {[%emt 0:00:01]} 50. Ne8 {[%emt 0:00:00]} f5 {[%emt 0:00:01]} 51. Nf6 {[%emt 0:00:01]} e4+ {[%emt 0:00:00]} 52. Ke2 {[%emt 0:00:02]} Kb3 {[%emt 0:00:00]} 53. Nxh7 {[%emt 0:00:00]} Kc4 {[%emt 0:00:00]} 54. Ng5 {[%emt 0:00:00]} Be7 {[%emt 0:00:01]} 55. Nh3 {[%emt 0:00:00]} Bd6 {[%emt 0:00:01]} 56. Nf4 {[%emt 0:00:00]} Bxf4 {[%emt 0:00:01]} 57. exf4 {[%emt 0:00:00]} Kd4 {[%emt 0:00:00]} 58. g3 {[%emt 0:00:00]} Kc3 {[%emt 0:00:01]} 59. h4 {[%emt 0:00:00]} Kd4 {[%emt 0:00:00]} 60. h5 {[%emt 0:00:00] Zeit ' (Lag: Av=0.72s, max=1.0s)} 1-0

[Event "Stay Safe Play From Home 194"]
[Site "T#646519Emanuel Laske"]
[Date "2020.06.02"]
[Round "4"]
[White "NeatFox"]
[Black "Emresenar"]
[Result "1-0"]
[WhiteElo "1824"]
[BlackElo "1783"]
[Annotator "NA RC"]
[PlyCount "49"]
[EventDate "2020.06.02"]
[EventType "swiss (blitz)"]

1. g4 {[%emt 0:00:01]} b6 {[%emt 0:00:01]} 2. Bg2 {[%emt 0:00:00]} c6 {[%emt 0:00:00]} 3. b4 {[%emt 0:00:01]} Bb7 {[%emt 0:00:00]} 4. b5 {[%emt 0:00:01]} Nf6 {[%emt 0:00:02]} 5. g5 {[%emt 0:00:01]} Nd5 {[%emt 0:00:02]} 6. c4 {[%emt 0:00:01]} Nc7 {[%emt 0:00:02]} 7. Qb3 {[%emt 0:00:01]} g6 {[%emt 0:00:02]} 8. Bb2 {[%emt 0:00:01]} Rg8 {[%emt 0:00:02]} 9. Nf3 {[%emt 0:00:01]} Bg7 {[%emt 0:00:00]} 10. Bxg7 {[%emt 0:00:02]} Rxg7 {[%emt 0:00:01]} 11. Qc3 {[%emt 0:00:00]} Rg8 {[%emt 0:00:01]} 12. h4 {[%emt 0:00:02]} cxb5 {[%emt 0:00:01]} 13. h5 {[%emt 0:00:04]} bxc4 {[%emt 0:00:04]} 14. Qxc4 {[%emt 0:00:01]} Bd5 {[%emt 0:00:03]} 15. Qc3 {[%emt 0:00:01]} Nb5 {[%emt 0:00:02]} 16. Qd3 {[%emt 0:00:01]} Bc6 {[%emt 0:00:03]} 17. hxg6 {[%emt 0:00:01]} hxg6 {[%emt 0:00:01]} 18. Ne5 {[%emt 0:00:05]} Qc7 {[%emt 0:00:02]} 19. f4 {[%emt 0:00:02]} Bxg2 {[%emt 0:00:01]} 20. Rh7 {[%emt 0:00:02]} Bd5 {[%emt 0:00:02]} 21. Nc3 {[%emt 0:00:02]} Nxc3 {[%emt 0:00:02]} 22. dxc3 {[%emt 0:00:00]} Nc6 {[%emt 0:00:01]} 23. Nxg6 {[%emt 0:00:02]} Rxg6 {[%emt 0:00:05]} 24. Rh8+ {[%emt 0:00:01]} Rg8 {[%emt 0:00:04]} 25. Rxg8# {[%emt 0:00:01] (Lag: Av=0.61s, max=0.8s)} 1-0

[Event "Stay Safe Play From Home 194"]
[Site "T#646519Emanuel Laske"]
[Date "2020.06.02"]
[Round "4"]
[White "Tobo Rubirosa"]
[Black "Lazieri3"]
[Result "0-1"]
[WhiteElo "1523"]
[BlackElo "2051"]
[Annotator "TA"]
[PlyCount "48"]
[EventDate "2020.06.02"]
[EventType "swiss (blitz)"]

{[%evp 9,48,36,58,0,0,0,31,31,50,31,24,18,18,0,22,15,47,10,25,17,93,12,25,-14,-7,-203,-196,-205,561,561,1544,268,350,-260,-260,-260,-250,-358,-347,-462,-434]} 1. e4 c6 2. Nf3 d5 3. Nc3 dxe4 4. Nxe4 Nd7 5. Bc4 Ndf6 6. Nfg5 {B11: Caro-Kann: Two Knights Variation.} (6. Ng3 $14) 6... e6 $11 7. O-O {[#]} Nxe4 $146 (7... h6 {looks sharper.} 8. Nxf6+ Nxf6 9. Nf3 Bd6 10. d4 Qc7) ({Predecessor:} 7... h6 8. Nxf6+ Nxf6 9. Nf3 Bd6 10. d4 Qc7 11. Qe2 O-O 12. h3 b6 13. Ne5 c5 {0-1 (54) Martinez Rodriguez,P (2277)-Prill,D (2181) Calvia 2013}) 8. Nxe4 {White is slightly better.} Nf6 9. Nxf6+ Qxf6 10. d4 Bd6 11. Be3 h6 12. Re1 Bd7 13. d5 cxd5 {[#]} 14. Bxd5 $1 {[%mdl 512]} O-O (14... Qe5 $11 {keeps the balance.}) (14... exd5 15. Bd4+) 15. Bb3 ({White should play} 15. Bxb7 $16 Rab8 16. Qxd6 Rxb7 17. Bd4) 15... Qe7 16. Qd2 Bc6 17. Bxh6 $2 (17. Rad1 $11 Rfd8 18. Qe2) 17... gxh6 $19 18. Qxh6 {[#] Black must now prevent Re3!} Bc5 $4 {[%mdl 8192] [#]} (18... Rfe8 $1 $19 {And now ...Qf8 would win.} 19. c3 Qf8 20. Qxf8+ Bxf8) 19. Re5 $1 $18 {[%mdl 512] White wants to mate with Rh5.} f5 {Now ...Rf6 and Black clings on.} 20. Qg6+ $2 (20. Bxe6+ Rf7 21. Rxf5 {[%mdl 64] Pin}) 20... Qg7 21. Rxe6 $4 {[%mdl 8192]} (21. Bxe6+ $18 {and life is good for White.} Kh8 22. Qh5+ Qh7 23. Qxh7+ Kxh7 24. Rxc5) 21... Qxg6 $40 {[%mdl 128] Black has strong attack.} 22. Rxg6+ Kh7 23. Rg5 (23. Rxc6 {is a better defense.} bxc6 24. Bc4) 23... Rad8 24. c3 Rd2 {[%mdl 64] Double Attack. Accuracy: White = 27%, Black = 42%.} 0-1

[Event "Stay Safe Play From Home 194"]
[Site "T#646519Emanuel Laske"]
[Date "2020.06.02"]
[Round "4"]
[White "Aktürk"]
[Black "Buzaglo"]
[Result "0-1"]
[WhiteElo "1477"]
[BlackElo "1882"]
[Annotator "NA RC"]
[PlyCount "78"]
[EventDate "2020.06.02"]
[EventType "swiss (blitz)"]

1. e3 {[%emt 0:00:01]} e6 {[%emt 0:00:00]} 2. Qf3 {[%emt 0:00:01]} d5 {[%emt 0:00:00]} 3. Be2 {[%emt 0:00:02]} Nf6 {[%emt 0:00:00]} 4. Qg3 {[%emt 0:00:00]} c5 {[%emt 0:00:01]} 5. b3 {[%emt 0:00:01]} Nc6 {[%emt 0:00:01]} 6. Bb2 {[%emt 0:00:01]} g6 {[%emt 0:00:02]} 7. Bb5 {[%emt 0:00:01]} Bg7 {[%emt 0:00:01]} 8. Bxc6+ {[%emt 0:00:01]} bxc6 {[%emt 0:00:01]} 9. Qf3 {[%emt 0:00:01]} O-O {[%emt 0:00:01]} 10. h4 {[%emt 0:00:02]} Nh5 {[%emt 0:00:01]} 11. Ne2 {[%emt 0:00:02]} Bxb2 {[%emt 0:00:01]} 12. Nbc3 {[%emt 0:00:02]} Bxa1 {[%emt 0:00:01]} 13. g4 {[%emt 0:00:01]} Bxc3 {[%emt 0:00:01]} 14. Nxc3 {[%emt 0:00:03]} Ng7 {[%emt 0:00:02]} 15. h5 {[%emt 0:00:02]} d4 {[%emt 0:00:01]} 16. Ne4 {[%emt 0:00:02]} f5 {[%emt 0:00:02]} 17. gxf5 {[%emt 0:00:03]} exf5 {[%emt 0:00:01]} 18. Nxc5 {[%emt 0:00:04]} dxe3 {[%emt 0:00:04]} 19. fxe3 {[%emt 0:00:02]} Qd5 {[%emt 0:00:03]} 20. Qxd5+ {[%emt 0:00:04]} cxd5 {[%emt 0:00:00]} 21. hxg6 {[%emt 0:00:01]} hxg6 {[%emt 0:00:01]} 22. Nd3 {[%emt 0:00:02]} Bb7 {[%emt 0:00:02]} 23. Nf4 {[%emt 0:00:01]} Rf6 {[%emt 0:00:01]} 24. Rg1 {[%emt 0:00:01]} Kf7 {[%emt 0:00:01]} 25. Nd3 {[%emt 0:00:03]} Ne6 {[%emt 0:00:01]} 26. Ne5+ {[%emt 0:00:01]} Ke7 {[%emt 0:00:00]} 27. Nxg6+ {[%emt 0:00:02]} Kd6 {[%emt 0:00:00]} 28. Nf4 {[%emt 0:00:02]} Nxf4 {[%emt 0:00:01]} 29. exf4 {[%emt 0:00:01]} Re8+ {[%emt 0:00:00]} 30. Kd1 {[%emt 0:00:00]} Rh6 {[%emt 0:00:00]} 31. Rg5 {[%emt 0:00:02]} Rf6 {[%emt 0:00:03]} 32. Rg7 {[%emt 0:00:02]} d4 {[%emt 0:00:00]} 33. Rxb7 {[%emt 0:00:01]} Re7 {[%emt 0:00:01]} 34. Rb8 {[%emt 0:00:01]} Rd7 {[%emt 0:00:01]} 35. Rb4 {[%emt 0:00:01]} Kc7 {[%emt 0:00:02]} 36. Rc4+ {[%emt 0:00:01]} Kb7 {[%emt 0:00:01]} 37. a4 {[%emt 0:00:00]} Rc6 {[%emt 0:00:01]} 38. Rb4+ {[%emt 0:00:00]} Kc7 {[%emt 0:00:00]} 39. a5 {[%emt 0:00:01]} a6 {[%emt 0:00:01] Zaman (Lag: Av=0.45s, max=0.9s)} 0-1

[Event "Stay Safe Play From Home 194"]
[Site "T#646519Emanuel Laske"]
[Date "2020.06.02"]
[Round "5"]
[White "XShot"]
[Black "Toosieslide"]
[Result "1-0"]
[WhiteElo "2503"]
[BlackElo "2211"]
[Annotator "TA"]
[PlyCount "94"]
[EventDate "2020.06.02"]
[EventType "swiss (blitz)"]

{[%evp 9,94,-2,0,-1,0,0,4,-16,-12,-33,-33,-33,-33,-33,-33,-71,-33,-33,-33,-33,-33,-36,-9,-16,0,-25,2,10,33,-2,20,4,4,0,0,-7,0,0,39,31,33,15,8,15,61,70,316,293,303,262,316,247,256,247,240,231,273,86,86,86,123,123,123,86,86,86,86,86,93,93,123,123,276,123,123,123,834,828,816,770,709,590,4810,291,29979,29980,29981]} 1. d4 d5 2. Nf3 Nf6 3. Nc3 c6 4. Bg5 Bf5 5. Bxf6 exf6 6. e3 {D01: Veresov Opening.} Bd6 7. Bd3 Bxd3 (7... Bd7 {is more complex.} 8. O-O O-O 9. a3 Re8 10. Ne2 Bg4) 8. cxd3 {The position is equal.} O-O {[#]} 9. Ne2 $146 ({Predecessor:} 9. e4 Re8 10. O-O dxe4 11. dxe4 Nd7 12. Re1 Bf8 13. Qc2 Qa5 14. Rad1 Nb6 15. Nd2 {0-1 (37) Sapegin,Y (1769)-Babanin,G (1941) St Petersburg 2015}) 9... Re8 10. Ng3 g6 11. O-O f5 12. a3 h5 13. Ne2 Nd7 {[%cal Bb8d7,Bd7f6,Bf6g4][%mdl 32]} 14. g3 Nf6 15. Nf4 Bxf4 16. exf4 Ng4 17. Ne5 Nxe5 (17... Re7 {seems wilder.} 18. Nf3 Qd6 19. Qd2 Rae8 20. Rfe1 Rxe1+ 21. Rxe1 Rxe1+ 22. Qxe1 Qd7) 18. dxe5 d4 19. b4 Qd5 20. Rc1 b6 21. Qa4 Rec8 22. Rc2 c5 23. Rfc1 Qb7 (23... h4 $5 24. gxh4 Qf3 $11) 24. bxc5 bxc5 25. Rxc5 Rxc5 26. Rxc5 $14 {[%mdl 4096] Endgame KQR-KQR} Qb1+ {[%mdl 64] Double Attack} 27. Kg2 Qb7+ $2 (27... Qxd3 $14 28. Qc4 Qxc4 29. Rxc4 Rd8) 28. Qc6 $18 Qxc6+ 29. Rxc6 {KR-KR} Rb8 30. Ra6 Rb3 31. Rxa7 Rxd3 32. a4 Rd1 33. a5 $2 (33. Kf3 $18 {is more deadly.}) 33... d3 $16 34. a6 d2 35. Rd7 Ra1 36. a7 Rxa7 37. Rd8+ Kg7 38. Rxd2 Rb7 39. Kh3 Rb6 40. Kh4 Re6 $2 {[#]} (40... Ra6 $16 41. Rd7 Kf8) 41. Kg5 (41. Rd6 $1 $18 {[%cal Rd6e6] and the rest is easy. Strongly threatening Rxe6.} Re7 42. Kg5) 41... Ra6 42. Rd7 Kg8 $2 {[%mdl 8192]} (42... Re6 $16 43. Rc7 Ra6) 43. Kh6 $18 {[%cal Rd7d8]} Ra8 {[#]} 44. e6 $1 {[%mdl 512]} fxe6 45. Kxg6 e5 46. Kxf5 $2 (46. fxe5 Ra6+ 47. Kxf5) 46... Ra6 $2 (46... exf4 $18 47. Kxf4 Rf8+ 48. Ke3 Rf5) 47. fxe5 h4 {Accuracy: White = 69%, Black = 51%.} 1-0

[Event "Stay Safe Play From Home 194"]
[Site "T#646519Emanuel Laske"]
[Date "2020.06.02"]
[Round "5"]
[White "AChessPlayer"]
[Black "Fischer_11"]
[Result "1-0"]
[WhiteElo "2377"]
[BlackElo "2014"]
[Annotator "NA RC"]
[PlyCount "97"]
[EventDate "2020.06.02"]
[EventType "swiss (blitz)"]

1. Nf3 {[%emt 0:00:01]} Nf6 {[%emt 0:00:01]} 2. g3 {[%emt 0:00:00]} e6 {[%emt 0:00:01]} 3. Bg2 {[%emt 0:00:00]} d5 {[%emt 0:00:00]} 4. O-O {[%emt 0:00:01]} e5 {[%emt 0:00:00]} 5. c4 {[%emt 0:00:01]} e4 {[%emt 0:00:00]} 6. Ne1 {[%emt 0:00:01]} c6 {[%emt 0:00:01]} 7. d3 {[%emt 0:00:01]} e3 {[%emt 0:00:01]} 8. Bxe3 {[%emt 0:00:01]} dxc4 {[%emt 0:00:00]} 9. Nc3 {[%emt 0:00:01]} cxd3 {[%emt 0:00:01]} 10. Nxd3 {[%emt 0:00:00]} Bd6 {[%emt 0:00:01]} 11. Qc2 {[%emt 0:00:01]} O-O {[%emt 0:00:00]} 12. Bg5 {[%emt 0:00:01]} Na6 {[%emt 0:00:02]} 13. Ne4 {[%emt 0:00:01]} Be7 {[%emt 0:00:03]} 14. Nxf6+ {[%emt 0:00:01]} Bxf6 {[%emt 0:00:00]} 15. Bxf6 {[%emt 0:00:00]} Qxf6 {[%emt 0:00:01]} 16. Rad1 {[%emt 0:00:00]} Bf5 {[%emt 0:00:01]} 17. e4 {[%emt 0:00:01]} Bg4 {[%emt 0:00:02]} 18. f3 {[%emt 0:00:01]} Be6 {[%emt 0:00:01]} 19. a3 {[%emt 0:00:01]} Rfd8 {[%emt 0:00:01]} 20. b4 {[%emt 0:00:02]} Nc7 {[%emt 0:00:02]} 21. Nf4 {[%emt 0:00:01]} Nb5 {[%emt 0:00:03]} 22. a4 {[%emt 0:00:02]} Nd4 {[%emt 0:00:02]} 23. Qf2 {[%emt 0:00:01]} g5 {[%emt 0:00:04]} 24. Nxe6 {[%emt 0:00:01]} Nxe6 {[%emt 0:00:01]} 25. Bh3 {[%emt 0:00:02]} h5 {[%emt 0:00:03]} 26. Bxe6 {[%emt 0:00:02]} Qxe6 {[%emt 0:00:00]} 27. Qe3 {[%emt 0:00:01]} f6 {[%emt 0:00:01]} 28. Qc5 {[%emt 0:00:01]} Kf7 {[%emt 0:00:02]} 29. Qc3 {[%emt 0:00:01]} Qe5 {[%emt 0:00:03]} 30. Qc4+ {[%emt 0:00:02]} Qe6 {[%emt 0:00:01]} 31. Qc3 {[%emt 0:00:01]} Qe5 {[%emt 0:00:01]} 32. Qb3+ {[%emt 0:00:00]} Qe6 {[%emt 0:00:01]} 33. Qe3 {[%emt 0:00:01]} Qe7 {[%emt 0:00:02]} 34. b5 {[%emt 0:00:01]} cxb5 {[%emt 0:00:01]} 35. axb5 {[%emt 0:00:00]} a6 {[%emt 0:00:00]} 36. b6 {[%emt 0:00:01]} Rac8 {[%emt 0:00:02]} 37. Rxd8 {[%emt 0:00:01]} Rxd8 {[%emt 0:00:00]} 38. Rc1 {[%emt 0:00:01]} Rd7 {[%emt 0:00:02]} 39. Qb3+ {[%emt 0:00:02]} Qe6 {[%emt 0:00:01]} 40. Qc3 {[%emt 0:00:02]} Qe5 {[%emt 0:00:01]} 41. Qc4+ {[%emt 0:00:01]} Qe6 {[%emt 0:00:01]} 42. Qe2 {[%emt 0:00:00]} Qd6 {[%emt 0:00:01]} 43. f4 {[%emt 0:00:01]} Qxb6+ {[%emt 0:00:01]} 44. Kh1 {[%emt 0:00:01]} Qb5 {[%emt 0:00:01]} 45. Qxh5+ {[%emt 0:00:01]} Ke7 {[%emt 0:00:03]} 46. Qh7+ {[%emt 0:00:01]} Ke8 {[%emt 0:00:00]} 47. Rc8+ {[%emt 0:00:01]} Rd8 {[%emt 0:00:01]} 48. Qg8+ {[%emt 0:00:01]} Kd7 {[%emt 0:00:00]} 49. Qxd8+ {[%emt 0:00:01] Zeit (Lag: Av=0.23s, max=0.5s)} 1-0